|
|
|
|
| LEADER |
01041nam a2200325 4500 |
| 001 |
DLU210196115 |
| 005 |
##20210416 |
| 020 |
# |
# |
|a 9786048983888
|
| 040 |
# |
# |
|a DLU
|b vie
|
| 041 |
# |
# |
|a chivie
|
| 044 |
# |
# |
|a vn
|
| 082 |
# |
# |
|a 495.18
|b LU-V
|
| 100 |
# |
# |
|a Lưu Vân,
|e chủ biên.
|
| 245 |
# |
# |
|a Bộ đề luyện thi năng lực Hán ngữ HSK 4 :
|b Tuyển tập đề thi mẫu & giải thích đáp án /
|c Lưu Vân chủ biên; Khương An.
|
| 260 |
# |
# |
|a H. :
|b Hồng Đức,
|c 2019.
|
| 300 |
# |
# |
|a 321 tr. ;
|c 24 cm.
|
| 546 |
# |
# |
|a Tài liệu viết bằng tiếng Trung Quốc, giải thích bằng tiếng Việt.
|
| 650 |
# |
# |
|a Tiếng Trung Quốc
|x Thi cử
|x Hướng dẫn học tập.
|
| 700 |
# |
# |
|a Khương An.
|
| 923 |
# |
# |
|a 03/2020
|
| 991 |
# |
# |
|a SH
|
| 992 |
# |
# |
|a 148000
|
| 994 |
# |
# |
|a DLU
|
| 900 |
# |
# |
|a True
|
| 911 |
# |
# |
|a Nguyễn Thanh Hương
|
| 925 |
# |
# |
|a G
|
| 926 |
# |
# |
|a A
|
| 927 |
# |
# |
|a SH
|
| 980 |
# |
# |
|a Thư viện Trường Đại học Đà Lạt
|